The impact of legislatory driven assessment methods and waste management policy upon the remediation of contaminated land (Record no. 72580)

MARC details
000 -LEADER
fixed length control field 01153cam a2200217 4500
001 - CONTROL NUMBER
control field ABS66656
008 - FIXED-LENGTH DATA ELEMENTS--GENERAL INFORMATION
fixed length control field 030429n2003 000 0 eng u
035 ## - SYSTEM CONTROL NUMBER
System control number (Sirsi) u122131
100 ## - MAIN ENTRY--PERSONAL NAME
Personal name McMahon, P.
245 #4 - TITLE STATEMENT
Title The impact of legislatory driven assessment methods and waste management policy upon the remediation of contaminated land
260 ## - PUBLICATION, DISTRIBUTION, ETC.
Date of publication, distribution, etc. 2003
490 ## - SERIES STATEMENT
Series statement Building Engineer
Volume/sequential designation April 2003, 24-26(3)
520 ## - SUMMARY, ETC.
Summary, etc. Examines a range of remediation methods which are available, many of which are suitable for organic compounds rather than for more stable heavy metals. Considers the relevant legislation such as the Environmental Protection Act 1990 Part IIA and Building Regulations 1991 Approved Document C (1992 edition). Includes the legal definition of contaminated land and suggests various strategies for dealing with it. Tables.
590 ## - LOCAL NOTE (RLIN)
Local note ABS
650 ## - SUBJECT ADDED ENTRY--TOPICAL TERM
Topical term or geographic name entry element CONTAMINATED LAND
650 ## - SUBJECT ADDED ENTRY--TOPICAL TERM
Topical term or geographic name entry element REMEDIATION METHODS
650 ## - SUBJECT ADDED ENTRY--TOPICAL TERM
Topical term or geographic name entry element ENVIRONMENTAL PROTECTION ACT 1990 PART IIA
650 ## - SUBJECT ADDED ENTRY--TOPICAL TERM
Topical term or geographic name entry element BUILDING REGULATIONS 1991 APPROVED DOCUMENT C (1992 EDITION)
690 ## - LOCAL SUBJECT ADDED ENTRY--TOPICAL TERM (OCLC, RLIN)
Topical term or geographic name as entry element ENVIRONMENTAL AND LAND CONSULTANCY-WASTE MANAGEMENT
942 ## - ADDED ENTRY ELEMENTS (KOHA)
Suppress in OPAC 0
Holdings
Withdrawn status Lost status Source of classification or shelving scheme Damaged status Not for loan Home library Current library Shelving location Date acquired Total Checkouts Full call number Barcode Date last seen Copy number Price effective from Koha item type
    Dewey Decimal Classification     London London Journal article 29/04/2003   ABS66656 122131-1001 06/08/2019 1 06/08/2019 Journal article